|
|
|
|
| LEADER |
00000cam a22000004a 4500 |
| 001 |
musev2_11263 |
| 003 |
MdBmJHUP |
| 005 |
20230905041252.0 |
| 006 |
m o d |
| 007 |
cr||||||||nn|n |
| 008 |
120103s2012 txu o 00 0 eng d |
| 010 |
|
|
|z 2011015285
|
| 020 |
|
|
|a 9780292735477
|
| 020 |
|
|
|z 029272862X
|
| 020 |
|
|
|z 9780292728622
|
| 020 |
|
|
|z 0292735472
|
| 035 |
|
|
|a (OCoLC)772692297
|
| 040 |
|
|
|a MdBmJHUP
|c MdBmJHUP
|
| 100 |
1 |
|
|a Rice, Prudence M.
|
| 245 |
1 |
0 |
|a Vintage Moquegua :
|b History, Wine, and Archaeology on a Colonial Peruvian Periphery /
|c Prudence M. Rice.
|
| 250 |
|
|
|a 1st ed.
|
| 264 |
|
1 |
|a Austin :
|b University of Texas Press,
|c 2012.
|
| 264 |
|
3 |
|a Baltimore, Md. :
|b Project MUSE,
|c 2012
|
| 264 |
|
4 |
|c ©2012.
|
| 300 |
|
|
|a 1 online resource:
|b illustrations, maps
|
| 336 |
|
|
|a text
|b txt
|2 rdacontent
|
| 337 |
|
|
|a computer
|b c
|2 rdamedia
|
| 338 |
|
|
|a online resource
|b cr
|2 rdacarrier
|
| 490 |
0 |
|
|a Joe R. and Teresa Lozano Long series in Latin American and Latino art and culture
|
| 505 |
0 |
|
|a pt. 1. Background and deep context -- pt. 2. Actors and institutions : Moquegua on the periphery of empire -- pt. 3. Wine : the commodity -- pt. 4. Material culture : objects as actors and agents -- pt. 5. Concluding synthesis : on the frontier of a periphery of an empire.
|
| 588 |
|
|
|a Description based on print version record.
|
| 651 |
|
7 |
|a Peru
|z Moquegua River Valley.
|2 fast
|0 (OCoLC)fst01276326
|
| 651 |
|
6 |
|a Moquegua, Vallee du (Perou)
|x Histoire.
|
| 651 |
|
0 |
|a Moquegua River Valley (Peru)
|x Antiquities.
|
| 651 |
|
0 |
|a Moquegua River Valley (Peru)
|x History.
|
| 650 |
|
7 |
|a Wine and wine making.
|2 fast
|0 (OCoLC)fst01175907
|
| 650 |
|
7 |
|a Viticulture.
|2 fast
|0 (OCoLC)fst01168260
|
| 650 |
|
7 |
|a Excavations (Archaeology)
|2 fast
|0 (OCoLC)fst00917564
|
| 650 |
|
7 |
|a Archaeology and history.
|2 fast
|0 (OCoLC)fst00813004
|
| 650 |
|
7 |
|a Antiquities.
|2 fast
|0 (OCoLC)fst00810745
|
| 650 |
|
7 |
|a SOCIAL SCIENCE
|x Archaeology.
|2 bisacsh
|
| 650 |
|
7 |
|a HISTORY
|z Latin America
|z South America.
|2 bisacsh
|
| 650 |
|
6 |
|a Archeologie et histoire
|z Perou
|z Moquegua, Vallee du.
|
| 650 |
|
6 |
|a Fouilles (Archeologie)
|z Perou
|z Moquegua, Vallee du.
|
| 650 |
|
6 |
|a Viticulture
|z Perou
|z Moquegua, Vallee du
|x Histoire.
|
| 650 |
|
0 |
|a Archaeology and history
|z Peru
|z Moquegua River Valley.
|
| 650 |
|
0 |
|a Excavations (Archaeology)
|z Peru
|z Moquegua River Valley.
|
| 650 |
|
0 |
|a Viticulture
|z Peru
|z Moquegua River Valley
|x History.
|
| 650 |
|
0 |
|a Wine and wine making
|z Peru
|z Moquegua River Valley
|x History.
|
| 655 |
|
7 |
|a History.
|2 fast
|0 (OCoLC)fst01411628
|
| 655 |
|
0 |
|a Electronic book.
|
| 655 |
|
7 |
|a Electronic books.
|2 local
|
| 710 |
2 |
|
|a Project Muse.
|e distributor
|
| 830 |
|
0 |
|a Book collections on Project MUSE.
|
| 856 |
4 |
0 |
|z Texto completo
|u https://projectmuse.uam.elogim.com/book/11263/
|
| 945 |
|
|
|a Project MUSE - Custom Collection
|
| 945 |
|
|
|a Project MUSE - 2012 Complete
|
| 945 |
|
|
|a Project MUSE - 2012 Archaeology and Anthropology
|